000 01774nam a2200349 4500
001 113461
003 DR-UNIBE
005 20250806062552.0
008 250416b2024 dr ||||| |||| 00| 0 spa d
020 _a9789945251111
040 _aBIBLIOTECA UNIBE
_bspa
_cBIBLIOTECA UNIBE
_erda
041 _aspa
082 _222
_aRD 972.93053 G215c 2024
100 1 0 _aGarcía Michel, Eduardo,
_d1946-
_eautor
_981139
245 1 3 _aEl complot que tumbó al jefe /
_c Eduardo García Michel ; prólogo: José Rafael Lantigua ; cuidado de la edición por el Área de Publicaciones ; diagramación por Yahaira Fernández Vásquez ; diseño de portada por Yenifer de la Rosa ; motivo de cubierta por Cubierta tipográfica
250 _aPrimera edición
260 _aSanto Domingo :
_bArchivo General de la Nación (AGN),
_c2024
300 _a374 páginas :
_bfotos b/n ;
_c22 x 15 cm
490 _aArchivo General de la Nación ;
_v486
500 _aInformación del autor en las solapas y comentario de la obra
600 7 _aTrujillo Molina, Rafael Leonidas,
_d1891-1961
_939608
_vPolítica y gobierno
650 7 _2lemb
_a Asesinato
_zRepública Dominicana
_9195763
650 7 _2lemb
_a Conspiraciones -- República Dominicana
_9195764
650 7 _2lemb
_aRevolucionarios
_zRepública Dominicana
_910453
650 7 _2lemb
_a República Dominicana
_xHistoria
_yEra de Trujillo, 1930-1961
_99302
700 1 0 _aFernández Vásquez, Yahaira
_9155947
_ediagramador
700 1 0 _aRosa, Yenifer de la
_ediseñador de portada
_9195765
700 0 _aLantigua, José Rafael,
_d1949 -2025
_eprologuista
_98906
710 2 0 _aCubierta tipográfica
_9194386
_ecubierta
710 2 0 _aArchivo General de la Nación (AGN)
_bÁrea de publicaciones
_9194325
_ecuidado de la edición
942 _2ddc
_cBK
999 _c113461
_d113461